Level of occupational stress : (Record no. 15440)

MARC details
000 -LEADER
fixed length control field 00755nam a22002172 4500
001 - CONTROL NUMBER
control field 0000025162
005 - DATE AND TIME OF LATEST TRANSACTION
control field 20151217161600.0
008 - FIXED-LENGTH DATA ELEMENTS--GENERAL INFORMATION
fixed length control field 150206s xx 000 0 eng d
040 ## - CATALOGING SOURCE
Original cataloging agency KABU
Transcribing agency KABU
100 1# - MAIN ENTRY--PERSONAL NAME
Personal name Oweke, Joyce Atieno.
-- 0000185610
245 10 - TITLE STATEMENT
Title Level of occupational stress :
Remainder of title causes, effects and coping stategies among police constables in Kisumu county, Kenya /
Statement of responsibility, etc. Joyce Atieno Oweke.
250 ## - EDITION STATEMENT
Edition statement 1st ed.
260 ## - PUBLICATION, DISTRIBUTION, ETC. (IMPRINT)
Place of publication, distribution, etc. Kenya :
Name of publisher, distributor, etc. Kabarak University,
Date of publication, distribution, etc. 2014.
300 ## - PHYSICAL DESCRIPTION
Extent xiv, 108 p.
650 #0 - SUBJECT ADDED ENTRY--TOPICAL TERM
Topical term or geographic name as entry element Work
General subdivision Psychological aspects.
Geographic subdivision Kenya.
-- 0000185611
650 #0 - SUBJECT ADDED ENTRY--TOPICAL TERM
Topical term or geographic name as entry element Job stress.
-- 0000151682
650 #0 - SUBJECT ADDED ENTRY--TOPICAL TERM
Topical term or geographic name as entry element Industrial safety.
-- 0000121593
908 ## - PUT COMMAND PARAMETER (RLIN)
Put command parameter 150206
950 ## - LOCAL HOLDINGS (RLIN)
-- 1
Holdings
Withdrawn status Lost status Source of classification or shelving scheme Not for loan Home library Current library Date acquired Total Checkouts Full call number Barcode Date last seen Price effective from Koha item type
    Library of Congress Classification   Kabarak, Main Campus Kabarak, Main Campus 17/12/2015   BF481 .O94 2014 c. 1 017479 22/08/2016 17/12/2015 Thesis, Dissertation and Projecs
Designed with assistance from East African Informatics Ltd